Sahel : l’héritage opérationnel de Barkhane (notice n° 1739973)
[ vue normale ]
| 000 -LEADER | |
|---|---|
| fixed length control field | 01704cam a2200217 4500500 |
| 005 - DATE AND TIME OF LATEST TRANSACTION | |
| control field | 20260322004405.0 |
| 041 ## - LANGUAGE CODE | |
| Language code of text/sound track or separate title | fre |
| 042 ## - AUTHENTICATION CODE | |
| Authentication code | dc |
| 100 10 - MAIN ENTRY--PERSONAL NAME | |
| Personal name | Hamel, Tewfik |
| Relator term | author |
| 245 00 - TITLE STATEMENT | |
| Title | Sahel : l’héritage opérationnel de Barkhane |
| 260 ## - PUBLICATION, DISTRIBUTION, ETC. | |
| Date of publication, distribution, etc. | 2026.<br/> |
| 500 ## - GENERAL NOTE | |
| General note | 62 |
| 520 ## - SUMMARY, ETC. | |
| Summary, etc. | Le « capital opérationnel » accumulé lors de l’opération Barkhane ne doit pas être renvoyé au musée des opérations de contre-insurrection d’un autre temps. Il doit être, dans toutes ses dimensions (manœuvres, types de commandement, équipements, dimensions informationnelle et politique du conflit), intégré à la réflexion imposée par le retour de la guerre de masse. Il s’agit de faire du Sahel un cas d’école doctrinal permettant à la France de s’insérer avec les meilleures cartes dans un nouveau cadre conflictuel.politique étrangère |
| 520 ## - SUMMARY, ETC. | |
| Summary, etc. | The “operational capital” built up during Operation Barkhane must not be consigned to the museum of counterinsurgency operations. Rather, all its aspects (maneuvers, command models, equipment, the informational and political dimensions of the conflict) must be fully taken into account in the reflection necessitated by the return of mass warfare. The Sahel should become a doctrinal case study allowing France to position itself as favorably as possible in the new landscape of conflict. |
| 690 ## - LOCAL SUBJECT ADDED ENTRY--TOPICAL TERM (OCLC, RLIN) | |
| Topical term or geographic name as entry element | Barkhane |
| 690 ## - LOCAL SUBJECT ADDED ENTRY--TOPICAL TERM (OCLC, RLIN) | |
| Topical term or geographic name as entry element | Capital opérationnel |
| 690 ## - LOCAL SUBJECT ADDED ENTRY--TOPICAL TERM (OCLC, RLIN) | |
| Topical term or geographic name as entry element | Guerre de haute intensité |
| 690 ## - LOCAL SUBJECT ADDED ENTRY--TOPICAL TERM (OCLC, RLIN) | |
| Topical term or geographic name as entry element | Sahel |
| 786 0# - DATA SOURCE ENTRY | |
| Note | Politique étrangère | Pritemps | 1 | 2026-03-05 | p. 191-203 | 0032-342X |
| 856 41 - ELECTRONIC LOCATION AND ACCESS | |
| Uniform Resource Identifier | <a href="https://shs.cairn.info/revue-politique-etrangere-2026-1-page-191?lang=fr&redirect-ssocas=7080">https://shs.cairn.info/revue-politique-etrangere-2026-1-page-191?lang=fr&redirect-ssocas=7080</a> |
Pas d'exemplaire disponible.




Réseaux sociaux